|
|
|
|
| LEADER |
00631cam a2200205 a 4500 |
| 001 |
0000084800 |
| 005 |
20070313090000.0 |
| 040 |
|
|
|a mod
|
| 041 |
|
|
|a eng
|
| 020 |
0 |
0 |
|a 0826466443
|
| 090 |
0 |
0 |
|a 371.334
|b OHA
|e 2004
|
| 100 |
1 |
0 |
|a O'hara
|h Mark
|
| 245 |
1 |
0 |
|a ICT in the early years
|c Mark O'Hara
|
| 260 |
0 |
0 |
|a London
|b Continuum
|c 2005
|
| 300 |
0 |
0 |
|a ix, 102 p.
|c 18 cm
|
| 440 |
0 |
0 |
|a Classmates
|
| 650 |
0 |
0 |
|a Education data processing
|
| 650 |
0 |
0 |
|a Educational technology
|
| 650 |
0 |
0 |
|a Information technology study and teaching (Elementary)
|
| 999 |
|
|
|a 0253752
|b PU SUBANG (TUDM SUBANG)
|d BOOKS
|e Umum
|f PU Subang (TUDM Subang)
|j AVAILABLE
|p 1
|q GOOD CONDITION
|